000 00596nam a2200241Ia 4500
008 160620s9999||||xx |||||||||||||| ||und||
040 _cEnglish
082 _aXV.E/Satyananda
082 _bBORI-88584
245 _aTeachings Of Swami Satyananda Saraswati
300 _a415
300 _bSix
300 _cB
300 _ePaperback
530 _bGuru
530 _u00088584.pdf
563 _aRef
630 _aTeachings Of Swami Satyananda Saraswati
650 _aCollected Works
650 _areference
730 _aTeachings Of Swami Satyananda Saraswati
942 _cBOOK
999 _c1392503
_d1392500